| 000 | 00452nam a22001817a 4500 | ||
|---|---|---|---|
| 003 | CEME | ||
| 005 | 20210628202823.0 | ||
| 008 | 210125b xxu||||| |||| 00| 0 eng d | ||
| 020 | _a81-7409-123-8 | ||
| 040 | _c. | ||
| 082 | _a621.38173 BOT | ||
| 100 |
_aBotkar, K . R _961792 |
||
| 245 | _aIntegrated circuits | ||
| 260 |
_aNEW DELHI _bKHANNA PUBLISHERS _c2004 |
||
| 300 | _aXIII,1045 P | ||
| 650 |
_aINTEGRATED CIRCUITS _92960 |
||
| 942 |
_cBK _2ddc |
||
| 999 |
_c571122 _d571122 |
||